Create a Country Name Quiz Stats

 Plays Quiz Updated Oct 17, 2018

Also try: 'Named' Countries
Challenge
Share
Tweet
Embed
Score 0/28 Timer 06:00
9 Plays Today
Clue Country % Correct
Attila was oneHungary
90.2%
Barbie's beauKenya
71.7%
____ LisaMonaco
70.6%
The Count of _____ CristoMontenegro
70.5%
Universal donor bloodOman
70%
Fish propellerFinland
65.1%
'____, humbug!Bahrain
64.2%
Family roomDenmark
59.6%
Symbol for neonNepal
59.6%
Place for a facialSpain
58.9%
The 'D' of A.D.Dominica
56.1%
Letter before Claudius, Ching and MacIran
48.4%
Evidence your food has gone badMoldova
46.6%
French for 'evil'Maldives
45.2%
Clue Country % Correct
Tom & Katie's daughterSuriname
43.4%
Neither partnerNorway
39.3%
German 'yes'Japan
38.6%
MPAA ratingRwanda
38.4%
AngerIreland
36.1%
Plural of thouYemen
35.7%
Disease-producing microorganismGermany
35.6%
Stein or StillerBenin
31.8%
Talk nonstopGabon
27.4%
Long. opposite Latvia
27.4%
FellowGuyana
26.6%
Test for a future M.A.Grenada
22.6%
___ Klux KlanKuwait
22.6%
Untidy personSlovenia
19.9%

You're not logged in!

Compare scores with friends on all Sporcle quizzes.
OR
Log In

You Might Also Like...

Show Comments

Extras

Top Quizzes Today


Score Distribution

Your Account Isn't Verified!

In order to create a playlist on Sporcle, you need to verify the email address you used during registration. Go to your Sporcle Settings to finish the process.

Report this User

Report this user for behavior that violates our Community Guidelines.

Details: